000 01043nam a2200301 c 4500
003 BLK
005 20180422113525.0
008 180410b bul|||||r ||||||| ||bul||
010 _aKNG00164424000
040 _aBLK
041 _aBUL
_cBUL
072 7 _2bullib
_aЯ
_xАвтографи
080 _aБългарска литература
_b821.163.2
_x-1
_z821.163.2-1
100 1 _aСтоянов, Владимир Стоянов
_eпърви автор
_9378420
700 1 _aЧакалов, Валери
_eхудож.
_9333763
139 _aСтоянов, Владимир Стоянов
_bС 83
245 1 0 _aАко повярваш
_bСтихове
_cВладимир Стоянов Стоянов; худож. Валери Чакалов.
257 _aBGR
260 Варна
_bИзд. авт.
_c1991
300 _a44 с.
_bс ил.
_c17 см
380 _aX
659 _aЯ
852 _aЦб І 25478
856 4 _qpdf
_u
856 4 _qpdf
_u
942 _cKNG
_n0
944 _aCR
_c29.08.2014
_kГеновева_Генчева
944 _aED
_c29.08.2014
_k
999 _c157480
_d157480